000
00329nam a2200133Ia 4500
005
20251222143254.0
008
251222s9999||||xx |||||||||||||| ||spa||
020
_a
84-494-1467-9
082
_a
818.36/P73
100
_a
Poe, Edgar Allan
245
0
_a
La CaĆda de la Casa Usher y otros Cuentos
264
_b
Losada
942
_c
LIB
999
_c
15078
_d
15078